000 00966cad a22002055a 4500
001 L142489
008 071026s2008 xxkad f s 000 0 eng d
035 _a(Sirsi) u142489
041 0 _aeng
050 0 4 _a332.642 $2 18
100 1 _aMansour, Asieh
245 4 _aThe credit crunch of 2007
_bopportunities in commercial real estate debt
_h[electronic resource]
260 _aLondon
_bRREEF
_c2008
520 _aExamines the consequences of the US subprime crisis. Argues that the commercial real estate capital markets have changed permanently due to the 2007 financial crisis. Broadly assesses current conditions across the financial markets. Assesses the conditions in commercial real estate debt markets, public and private, in depth.
590 _aKA NTK
651 4 _aInternational
690 _aPROPERTY-PROPERTY FINANCE AND INVESTMENT
856 4 0 _uhttps://www.rreef.com
_zView this item free of charge under research at: www.rreef.com...
942 _n0
999 _c107896
_d107896